00321nam a2200133Ia 4500003000400000005001700004008004000021040000700061041000800068082001100076100001500087245003300102260005200135OSt20240108155605.0210210b1929 xxu||||| |||| 00| 0 eng d cAL aeng a334/20 aDALTON (H) aPrinciples of public finance aLondonbGeorge Routledge and Sons Limitedc1929